| 000 | 01873cam a2200373 i 4500 | ||
|---|---|---|---|
| 999 |
_c19429 _d19429 |
||
| 001 | vtls000899828 | ||
| 003 | NUKAT | ||
| 005 | 20220406092519.0 | ||
| 006 | m f d | | ||
| 007 | co bg nnnunuuu | ||
| 008 | 070508s2005 pl fsu |000 0 pol c | ||
| 020 | _a832437888X | ||
| 035 | _azz2007947972 | ||
| 039 | 9 |
_a201502241243 _bkopuwm _c201311120119 _dVLOAD _c201311080907 _dVLOAD _c201003240126 _dVLOAD |
|
| 040 |
_aGD U/EB _cGD U/EB _dGD U/EBs |
||
| 041 | 1 |
_apol _heng |
|
| 245 | 0 | 0 |
_aKompatybilność elektromagnetyczna i zagadnienia widma radiowego (ERM) Lądowa służba ruchoma - Urządzenia radiowe przewidziane do transmisji danych (i/lub mowy), wykorzystujące modulację o stałej lub niestałej obwiedni, wyposażone w złącze antenowe - Część 1: Charakterystyki techniczne i metody pomiarów PN-ETSI EN 300 113-1 V1.5.1:2005P _h/ _cPolski Komitet Normalizacyjny. |
| 246 | 3 | 0 | _aPN-ETSI EN 300 113-1 V1.5.1:2005 |
| 256 | _aDane tekstowe. | ||
| 260 |
_aWarszawa : _bPolski Komitet Normalizacyjny, _c2005. |
||
| 300 |
_a1 dysk optyczny (CD-ROM) ; _c12 cm. |
||
| 500 | _aICS 33.060.20; 33.100.01. | ||
| 500 | _aTyt. z ekranu tytułowego. | ||
| 590 | _aWprowadza ETSI EN 300 113-1 V1.5.1 (2003-09); Norma europejska ETSI EN 300 113-1 V1.5.1 (2003-09) ma status Polskiej Normy. | ||
| 590 | _aStatus: wycofana. | ||
| 710 | 1 |
_aPolska. _bPolski Komitet Normalizacyjny. _91107 |
|
| 710 | 1 |
_aPolska. _bPolski Komitet Normalizacyjny. _bWydział Wydawnictw Normalizacyjnych. _4pbl _91108 |
|
| 942 |
_2ddc _cBK |
||
| 960 | _aGD_U | ||